000 00985nas a2200325 4500
001 BR0302190
003 BR-BrBNA
005 20231205103742.0
007 ta
008 230509b bl.|||p| |||| 00| 00por d
040 _aBR-BrBNA
_bpor
_cBiblioteca Nacional de Agricultura
041 _a(Pt)
072 _aH20; F50; F30
100 1 _aCosta, R.S.
100 1 _aMôro, F.V.
100 1 _aMôro, J.R.
100 1 _aSilva, H.P. da
100 1 _aPanizzi, R. de C.
245 1 _aRelação entre características morfológicas da cariopse e fusariose em milho
650 _aMILHO
650 _aFUSARIOSE
650 _aMORFOLOGIA VEGETAL
650 _aVARIEDADE RESISTENTE
650 _aMELHORAMENTO GENÉTICO VEGETAL
650 _aINFESTAÇÃO
650 _aMICROSCOPIA ELETRÔNICA
773 0 _tPesquisa Agropecuária Brasileira (Brazil)
_xISSN 0100-204X
_g(Jan 2003), v. 38(1) p. 27-33
_wBR0302190
909 _a202311
_bLúcia
_c55
_dLúcia Elande
942 _2AGRIS
_n0
_cANA
999 _c174539
_d174539